[Event "EU Small Countries ol 8th"]
[Site "St Helier"]
[Date "2023.11.01"]
[Round "5.3"]
[White "Hawes, Jonathan"]
[Black "Ribera Veganzones, Serni"]
[Result "0-1"]
[WhiteElo "2095"]
[BlackElo "2167"]
[PlyCount "46"]
[EventDate "2023.10.29"]
[EventType "team-tourn"]
[EventRounds "9"]
[EventCountry "GCI"]
[SourceTitle "Mega2024 Update 01"]
[Source "Chessbase"]
[SourceDate "2023.11.12"]
[SourceVersion "1"]
[SourceVersionDate "2023.11.12"]
[SourceQuality "1"]
[WhiteTeam "Jersey"]
[BlackTeam "Andorra"]
[WhiteTeamCountry "GCI"]
[BlackTeamCountry "AND"]

1. Nf3 Nf6 2. b3 d5 3. Bb2 Bf5 4. e3 e6 5. Be2 h6 6. 0-0 Be7 7. d4 0-0 8. Nbd2 a5 9. a3 c6 10. c4 Nbd7 11. Ne5 Nxe5 12. dxe5 Ne4 13. Nf3 dxc4 14. Bxc4 b5 15. Be2 Qb6 16. Nd4 Rfd8 17. Qc1 Rac8 18. Rd1 Bh7 19. f3 Nc5 20. Qc3 Rd5 21. Kh1 Rxe5 22. Nxb5 cxb5 23. b4 Bf6 0-1

[Event "EU-ch U16 31st"]
[Site "Mamaia"]
[Date "2023.09.13"]
[Round "8"]
[White "Ribera Veganzones, Serni"]
[Black "Milikow, Elie"]
[Result "0-1"]
[WhiteElo "2106"]
[BlackElo "2430"]
[PlyCount "46"]
[EventDate "2023.09.05"]
[EventType "swiss"]
[EventRounds "9"]
[EventCountry "ROU"]
[SourceTitle "EXT 2024"]
[Source "ChessBase"]
[SourceDate "2023.10.10"]
[SourceVersion "1"]
[SourceVersionDate "2023.10.10"]
[SourceQuality "1"]

1. e4 c5 2. Nf3 Nc6 3. Bb5 e6 4. Bxc6 bxc6 5. b3 f6 6. e5 fxe5 7. Nxe5 Nf6 8. f4 d6 9. Nc4 Be7 10. Bb2 0-0 11. 0-0 Nd5 12. g3 e5 13. fxe5 Bh3 14. Rxf8+ Qxf8 15. Nba3 Qf5 16. Qe2 Rf8 17. exd6 Bg5 18. Ne5 Bxd2 19. Nac4 Bc3 20. g4 Qf4 21. Bxc3 Nxc3 22. Qe1 Qd4+ 23. Qe3 Ne2+ 0-1

[Event "Andorra op 39th"]
[Site "Escaldes"]
[Date "2023.07.26"]
[Round "5"]
[White "Arizmendi Martinez, Julen Luis"]
[Black "Ribera Veganzones, Serni"]
[Result "1-0"]
[WhiteElo "2501"]
[BlackElo "2259"]
[PlyCount "149"]
[EventDate "2023.07.22"]
[EventType "swiss"]
[EventRounds "9"]
[EventCountry "AND"]
[SourceTitle "CBM 215 Extra"]
[Source "ChessBase"]
[SourceDate "2023.09.30"]
[SourceVersion "1"]
[SourceVersionDate "2023.09.30"]
[SourceQuality "1"]

1. e4 c6 2. d4 d5 3. e5 c5 4. dxc5 e6 5. c3 Bxc5 6. Qg4 g6 7. Nf3 h5 8. Qf4 Nc6 9. Bd3 Nh6 10. b4 Be7 11. b5 Na5 12. Ba3 Bd7 13. Bb4 a6 14. Na3 axb5 15. Nxb5 Bxb5 16. Bxb5+ Nc6 17. Nd4 Rc8 18. 0-0 Nf5 19. Nxf5 gxf5 20. Bxe7 Qxe7 21. c4 dxc4 22. Rfc1 Rg8 23. Rxc4 Rg4 24. Qc1 Rxc4 25. Qxc4 Qc7 26. Qf4 Rd8 27. Re1 Rd5 28. Bxc6+ Qxc6 29. h3 Rc5 30. Rd1 Rd5 31. Rc1 Rc5 32. Re1 Rc2 33. Rd1 Rc5 34. Rd6 Qe4 35. Qg3 Rc1+ 36. Kh2 Rc8 37. Qg8+ Ke7 38. Qg5+ Ke8 39. f4 Kf8 40. Qh6+ Ke8 41. Rd1 Qa4 42. Qh8+ Ke7 43. Qf6+ Ke8 44. Qh8+ Ke7 45. Qxc8 Qxd1 46. Qxb7+ Kf8 47. Qa8+ Ke7 48. Qa3+ Ke8 49. Qf3 Qa4 50. h4 Kf8 51. Kg3 Qxa2 52. Qxh5 Kg7 53. Qg5+ Kh7 54. Qf6 Qa3+ 55. Kh2 Qf8 56. h5 Qg8 57. g3 Qf8 58. g4 fxg4 59. Kg3 Qg8 60. Qe7 Kh6 61. Kh4 Kh7 62. Qg5 Qa8 63. Qf6 Kg8 64. h6 Qf8 65. Kxg4 Kh7 66. Kh5 Qg8 67. Qg5 Qf8 68. f5 exf5 69. Qxf5+ Kg8 70. Qg4+ Kh7 71. Qg5 Kh8 72. Qf6+ Kh7 73. Qf5+ Kg8 74. e6 fxe6 75. h7+ 1-0

[Event "Catalunya-chT Gp1"]
[Site "Barcelona"]
[Date "2023.03.04"]
[Round "7.4"]
[White "Almeida Toledano, Daniel"]
[Black "Ribera Veganzones, Serni"]
[Result "1-0"]
[WhiteElo "2298"]
[BlackElo "2135"]
[PlyCount "45"]
[EventDate "2023.01.21"]
[EventType "team-tourn"]
[EventRounds "7"]
[EventCountry "ESP"]
[SourceTitle "CBM 213 Extra"]
[Source "ChessBase"]
[SourceDate "2023.05.31"]
[SourceVersion "1"]
[SourceVersionDate "2023.05.31"]
[SourceQuality "1"]
[WhiteTeam "Foment Martinenc"]
[BlackTeam "Andorra"]
[WhiteTeamCountry "ESP"]
[BlackTeamCountry "AND"]

1. e4 c6 2. Nf3 d5 3. d3 Qc7 4. h3 e5 5. d4 Nf6 6. dxe5 Nxe4 7. Bd3 Bc5 8. 0-0 Qb6 9. Bxe4 dxe4 10. Ng5 e3 11. Qh5 g6 12. Qf3 exf2+ 13. Kh1 0-0 14. Nc3 Bf5 15. Qf4 Qb4 16. Nge4 Nd7 17. a3 Qc4 18. Nf6+ Nxf6 19. Qxc4 Nh5 20. Kh2 Bb6 21. g4 Be6 22. Qe2 Ng7 23. Ne4 1-0

[Event "Catalunya-chT Gp1"]
[Site "Barcelona"]
[Date "2023.02.04"]
[Round "3.3"]
[White "Tallo Dominguez, Imar"]
[Black "Ribera Veganzones, Serni"]
[Result "1/2-1/2"]
[WhiteElo "2274"]
[BlackElo "2135"]
[PlyCount "89"]
[EventDate "2023.01.21"]
[EventType "team-tourn"]
[EventRounds "7"]
[EventCountry "ESP"]
[SourceTitle "CBM 213 Extra"]
[Source "ChessBase"]
[SourceDate "2023.05.31"]
[SourceVersion "1"]
[SourceVersionDate "2023.05.31"]
[SourceQuality "1"]
[WhiteTeam "Ateneu Colon"]
[BlackTeam "Andorra"]
[WhiteTeamCountry "ESP"]
[BlackTeamCountry "AND"]

1. e4 c6 2. d4 d5 3. e5 c5 4. Nf3 cxd4 5. Qxd4 Nc6 6. Qf4 e6 7. Bd3 Nb4 8. 0-0 Nxd3 9. cxd3 Ne7 10. h4 Nf5 11. Nc3 Bd7 12. Ne2 Be7 13. h5 h6 14. Ng3 Nxg3 15. Qxg3 Kf8 16. Nd4 Kg8 17. Be3 Kh7 18. f4 Rf8 19. Rac1 Rc8 20. Rxc8 Qxc8 21. Rc1 Qb8 22. Qg4 Rc8 23. Re1 Bc5 24. Nb3 Bb4 25. Rc1 Rxc1+ 26. Nxc1 Be7 27. Qd1 b6 28. Ne2 Qc7 29. Qc1 Qxc1+ 30. Nxc1 Bb5 31. Kf2 g6 32. hxg6+ Kxg6 33. g4 Bh4+ 34. Ke2 Ba4 35. b3 Bc6 36. b4 Be7 37. Bd2 Ba4 38. Nb3 h5 39. Kf3 hxg4+ 40. Kxg4 Bxb3 41. axb3 b5 42. Be3 a6 43. Bc5 Bd8 44. Bd6 Bb6 45. Bc5 1/2-1/2

[Event "Madrid Alcorcon op 1st"]
[Site "Madrid"]
[Date "2022.12.29"]
[Round "8"]
[White "Ribera Veganzones, Serni"]
[Black "Rodriguez Melendez, Juan Humbert"]
[Result "1-0"]
[WhiteElo "2199"]
[BlackElo "2149"]
[PlyCount "73"]
[EventDate "2022.12.26"]
[EventType "swiss"]
[EventRounds "9"]
[EventCountry "ESP"]
[SourceTitle "CBM 212 Extra"]
[Source "ChessBase"]
[SourceDate "2023.03.31"]
[SourceVersion "1"]
[SourceVersionDate "2023.03.31"]
[SourceQuality "1"]

1. e4 c5 2. Nf3 e6 3. d4 cxd4 4. Nxd4 Nc6 5. Nc3 Qc7 6. Be2 Nf6 7. Ndb5 Qb8 8. f4 d6 9. Be3 Be7 10. g4 0-0 11. g5 Nd7 12. a3 a6 13. Nd4 Re8 14. Qd2 Qc7 15. 0-0-0 b5 16. h4 Bb7 17. h5 Nf8 18. Nb3 Rac8 19. Kb1 b4 20. axb4 Nxb4 21. h6 g6 22. Qd4 e5 23. Qxb4 d5 24. Qa5 d4 25. Qxc7 Rxc7 26. Nxd4 exd4 27. Bxd4 Rcc8 28. Be5 Bxg5 29. Bg4 Ra8 30. Nd5 Bd8 31. Rhe1 Ne6 32. Bd6 a5 33. c4 a4 34. c5 Ra5 35. Rc1 Nxc5 36. Bxc5 Bxd5 37. exd5 1-0

[Event "Sitges Sunway op 9th"]
[Site "Sitges"]
[Date "2022.12.17"]
[Round "6"]
[White "Perez Aleman, Pedro Tomas"]
[Black "Ribera Veganzones, Serni"]
[Result "0-1"]
[WhiteElo "1996"]
[BlackElo "2199"]
[PlyCount "86"]
[EventDate "2022.12.12"]
[EventType "swiss"]
[EventRounds "10"]
[EventCountry "ESP"]
[SourceTitle "CBM 211 Extra"]
[Source "ChessBase"]
[SourceDate "2023.01.31"]
[SourceVersion "1"]
[SourceVersionDate "2023.01.31"]
[SourceQuality "1"]

1. d4 Nf6 2. Nc3 d5 3. Bf4 e6 4. Nb5 Bb4+ 5. c3 Ba5 6. e3 a6 7. Na3 0-0 8. Bd3 c6 9. g4 Bc7 10. g5 Ne4 11. Bxc7 Qxc7 12. Bxe4 dxe4 13. Qc2 b5 14. Ne2 Bb7 15. Ng3 c5 16. 0-0-0 Nd7 17. Nxe4 cxd4 18. Rxd4 e5 19. Rd2 b4 20. Nb1 Nc5 21. f3 Nxe4 22. fxe4 Rac8 23. Rhd1 Qb6 24. Qd3 Qg6 25. Qd6 Qxe4 26. Qb6 bxc3 27. Nxc3 Rc6 28. Qa7 Qb4 29. Rc2 g6 30. Rd7 Rb6 31. a3 Qb3 32. Nd1 Ra8 33. Qxa8+ Bxa8 34. Rd8+ Kg7 35. Rxa8 Rd6 36. Nc3 Qb7 37. Ne4 Qxe4 38. Rcc8 Qh1+ 39. Kc2 Qd1+ 40. Kc3 Qd3+ 41. Kb4 Qb5+ 42. Kc3 Rd3+ 43. Kc2 Qb3+ 0-1

[Event "Olympiad-44"]
[Site "Chennai"]
[Date "2022.08.09"]
[Round "11.4"]
[White "Ribera Veganzones, Serni"]
[Black "Li, Georgiy"]
[Result "1-0"]
[WhiteElo "2203"]
[BlackElo "1994"]
[PlyCount "73"]
[EventDate "2022.07.29"]
[EventType "team-swiss"]
[EventRounds "11"]
[EventCountry "IND"]
[SourceTitle "CBM 210"]
[Source "ChessBase"]
[SourceDate "2022.10.31"]
[SourceVersion "1"]
[SourceVersionDate "2022.10.31"]
[SourceQuality "1"]
[WhiteTeam "Andorra"]
[BlackTeam "South Korea"]
[WhiteTeamCountry "AND"]
[BlackTeamCountry "KOR"]

1. e4 e5 2. Nf3 Nc6 3. Bb5 a6 4. Ba4 Nf6 5. d3 d6 6. c3 Be7 7. Nbd2 0-0 8. 0-0 Bd7 9. Re1 Na5 10. Bc2 c5 11. Nf1 Nc6 12. h3 b5 13. d4 cxd4 14. cxd4 Nxd4 15. Nxd4 exd4 16. Qxd4 Rc8 17. Bb3 Be6 18. Bg5 h6 19. Bh4 Nd7 20. Bxe7 Qxe7 21. Rad1 Bxb3 22. axb3 Rc6 23. Ne3 Qe6 24. Nf5 Nf6 25. Rd3 Kh7 26. e5 Qxf5 27. exf6 g6 28. Rf3 Qg5 29. Re7 Kg8 30. Rg3 Qf5 31. Rf3 Qg5 32. Kh2 Qc5 33. Qg4 Qd5 34. Qd7 Rc2 35. Re8 Qc6 36. Rxf8+ Kxf8 37. Qe7+ 1-0

[Event "Catalunya-chT Gp1"]
[Site "Barcelona"]
[Date "2022.03.19"]
[Round "9.6"]
[White "Ribera Veganzones, Serni"]
[Black "Fernandez Madrid, Carlos"]
[Result "1-0"]
[WhiteElo "2123"]
[BlackElo "2141"]
[PlyCount "61"]
[EventDate "2022.01.22"]
[EventType "team-tourn"]
[EventRounds "9"]
[EventCountry "ESP"]
[SourceTitle "CBM 208 Extra"]
[Source "ChessBase"]
[SourceDate "2022.07.31"]
[SourceVersion "1"]
[SourceVersionDate "2022.07.31"]
[SourceQuality "1"]
[WhiteTeam "Geva CEA"]
[BlackTeam "Badalona Cor de Marina"]
[WhiteTeamCountry "ESP"]
[BlackTeamCountry "ESP"]

1. e4 g6 2. d4 Bg7 3. Nc3 d6 4. g3 c5 5. dxc5 Qa5 6. cxd6 Nf6 7. dxe7 Nc6 8. Bb5 Bg4 9. Qd6 Nd7 10. Bd2 Be5 11. Qa3 Bxc3 12. Qxc3 Qxb5 13. Qxh8+ Kxe7 14. Qc3 Rc8 15. h3 Be6 16. Nf3 a5 17. a4 Qh5 18. 0-0-0 Na7 19. Qa3+ Qc5 20. Qxc5+ Nxc5 21. Bg5+ f6 22. Be3 Ba2 23. Bxc5+ Rxc5 24. Nd4 Bc4 25. b3 Ba6 26. Rhe1 b5 27. axb5 Nxb5 28. Nxb5 Bxb5 29. Rd5 Rxd5 30. exd5+ Kd6 31. c4 1-0

[Event "Catalunya-chT Gp1"]
[Site "Barcelona"]
[Date "2022.02.12"]
[Round "4.4"]
[White "Ribera Veganzones, Serni"]
[Black "Colon Garcia, Enrique"]
[Result "1/2-1/2"]
[WhiteElo "2123"]
[BlackElo "2277"]
[PlyCount "55"]
[EventDate "2022.01.22"]
[EventType "team-tourn"]
[EventRounds "9"]
[EventCountry "ESP"]
[SourceTitle "CBM 208 Extra"]
[Source "ChessBase"]
[SourceDate "2022.07.31"]
[SourceVersion "1"]
[SourceVersionDate "2022.07.31"]
[SourceQuality "1"]
[WhiteTeam "Geva CEA"]
[BlackTeam "Sant Andreu"]
[WhiteTeamCountry "ESP"]
[BlackTeamCountry "ESP"]

1. e4 c5 2. Nf3 d6 3. Bb5+ Nc6 4. 0-0 Bd7 5. Re1 Nf6 6. c3 a6 7. Bf1 Bg4 8. d3 e6 9. Nbd2 Be7 10. h3 Bh5 11. a4 0-0 12. g4 Bg6 13. Nh4 d5 14. Nxg6 fxg6 15. exd5 exd5 16. Bg2 Kh8 17. Nf3 Bd6 18. Be3 Qd7 19. d4 c4 20. Nd2 Bc7 21. f4 Ng8 22. Rf1 Rae8 23. Qf3 g5 24. f5 Qd6 25. Bxg5 Re2 26. Qxe2 Qh2+ 27. Kf2 Qg3+ 28. Kg1 1/2-1/2

[Event "Catalunya-chT Gp1"]
[Site "Barcelona"]
[Date "2022.01.22"]
[Round "1.6"]
[White "Montilla Carrillo, Esteban"]
[Black "Ribera Veganzones, Serni"]
[Result "0-1"]
[WhiteElo "2129"]
[BlackElo "2123"]
[PlyCount "124"]
[EventDate "2022.01.22"]
[EventType "team-tourn"]
[EventRounds "9"]
[EventCountry "ESP"]
[SourceTitle "CBM 206 Extra"]
[Source "ChessBase"]
[SourceDate "2022.03.31"]
[SourceVersion "1"]
[SourceVersionDate "2022.03.31"]
[SourceQuality "1"]
[WhiteTeam "Mollet"]
[BlackTeam "Geva CEA"]
[WhiteTeamCountry "ESP"]
[BlackTeamCountry "ESP"]

1. d4 Nf6 2. c4 e6 3. Nf3 Bb4+ 4. Bd2 c5 5. dxc5 Bxc5 6. Nc3 Nc6 7. e3 d5 8. a3 0-0 9. b4 Bd6 10. Be2 dxc4 11. Bxc4 e5 12. b5 Ne7 13. h3 e4 14. Nd4 Be5 15. Nce2 Nf5 16. Bb4 Nd6 17. Bb3 Bd7 18. Rc1 Re8 19. a4 a6 20. bxa6 Rxa6 21. 0-0 h6 22. Ng3 g6 23. a5 Kg7 24. f4 exf3 25. Qxf3 h5 26. Nge2 Nde4 27. Nf4 Bd6 28. Be1 Be5 29. Nd3 Bxd4 30. exd4 Be6 31. d5 Bxd5 32. Bxd5 Qxd5 33. Kh1 Rd6 34. Nf4 Qf5 35. Rc7 Qb5 36. Kg1 b6 37. Ra7 bxa5 38. Rxa5 Qb6+ 39. Kh1 Qd4 40. Qb3 Qd1 41. Qb5 g5 42. Bh4 Qd2 43. Nxh5+ Nxh5 44. Qxe8 Nhg3+ 45. Bxg3 Nxg3+ 46. Kg1 Nxf1 47. Qe5+ Rf6 48. Qxg5+ Qxg5 49. Rxg5+ Kh6 50. Rg8 Ne3 51. g4 Kh7 52. Rc8 Nd5 53. Rd8 Nf4 54. Kh2 Rh6 55. Kg3 Nxh3 56. Rd5 Kg6 57. Rd6+ f6 58. Ra6 Ng5 59. Rb6 Rh3+ 60. Kg2 Rd3 61. Rb4 Re3 62. Rb7 Ne4 0-1

[Event "EU Small Countries ol 7th"]
[Site "Sliema"]
[Date "2021.12.02"]
[Round "7.4"]
[White "Mooney, Graham"]
[Black "Ribera Veganzones, Serni"]
[Result "0-1"]
[WhiteElo "1896"]
[BlackElo "2070"]
[PlyCount "81"]
[EventDate "2021.11.28"]
[EventType "team-tourn"]
[EventRounds "9"]
[EventCountry "MLT"]
[SourceTitle "CBM 205 Extra"]
[Source "ChessBase"]
[SourceDate "2022.01.31"]
[SourceVersion "1"]
[SourceVersionDate "2022.01.31"]
[SourceQuality "1"]
[WhiteTeam "Jersey"]
[BlackTeam "Andorra"]
[WhiteTeamCountry "GCI"]
[BlackTeamCountry "AND"]

1. e4 c5 2. Nf3 Nc6 3. d4 cxd4 4. Nxd4 e6 5. Be2 Nf6 6. Nxc6 bxc6 7. e5 Qa5+ 8. Nc3 Qxe5 9. 0-0 d5 10. f4 Qc7 11. Bd3 Be7 12. Qe1 0-0 13. Kh1 Bb7 14. Qf2 c5 15. Re1 g6 16. a4 a6 17. a5 Rfd8 18. Nd1 c4 19. Bf1 Ne4 20. Qf3 d4 21. Qh3 Bb4 22. Rxe4 Bxe4 23. Nf2 Bf5 24. Qh4 Be7 25. Qg3 Bxc2 26. Ng4 Bf5 27. Nh6+ Kg7 28. Nxf5+ exf5 29. Qf3 Rab8 30. Qe2 d3 31. Qe1 Bb4 32. Bd2 Bxd2 33. Qxd2 Qc5 34. Rd1 Qd4 35. Qc3 Rxb2 36. Qa3 Rb7 37. Qc1 d2 38. Qxc4 Qxc4 39. Bxc4 Rb1 40. Be2 Rxd1+ 41. Bxd1 0-1